MARC

LEADER 00000nam0a2200000 4500
001 36884
005 20231031003205.0
010 |a 583160053X 
035 |a (RuTPU)RU\TPU\book\37385 
035 |a RU\TPU\temp\27 
090 |a 36884 
100 |a 20011211d2001 k y0rusy50 ca 
101 0 |a rus 
102 |a RU 
105 |a a j 001zy 
200 1 |a Основы экологии  |e учебное пособие  |f В. Д. Валова 
205 |a 2-е изд., перераб. и доп. 
210 |a Москва  |c Дашков и К  |d 2001 
215 |a 211 с.  |c ил. 
320 |a Библиогр.: с. 211-212. 
610 1 |a экология 
610 1 |a население 
610 1 |a антропогенные воздействия 
610 1 |a вода 
610 1 |a атмосфера 
610 1 |a почва 
610 1 |a природопользование 
610 1 |a твердые отходы 
610 1 |a загрязнения 
610 1 |a защита 
610 1 |a экологическое законодательство 
610 1 |a Россия 
610 1 |a учебные пособия 
675 |a 504(07)  |v 3 
675 |a 574(07)  |v 3 
700 1 |a Валова  |b В. Д.  |g Валентина Дмитриевна 
801 1 |a RU  |b TPU  |c 20011210  |g PSBO 
801 2 |a RU  |b 63413507  |c 20150123  |g PSBO 
942 |c BK